banner-ar

كتاب الكواكب السيارة فى ترتيب الزيارة فى القرافتين الكبرى والصغرى / (Record no. 36981)

MARC details
000 -الفاتح
حقل البيانات ثابتة الطول 01185nam a2200289Ia 4500
008 - عناصر البيانات ثابتة الطول - معلومات عامة
حقل البيانات ثابتة الطول 140319s9999 xx 000 0 ara d
040 ## - مصدر الفهرسة
وكالة الفهرسة الأصلية GCL /
وكالة النسخ GCL
082 04 - رقم تصنيف ديوى العشرى
رقم التصنيف ق
رقم المادة 916.2
-- ز ك
100 1# - المدخل الرئيسى - إسم شخصى
الإسم الشخصى فؤاد سزكين
245 10 - بيان العنوان
العنوان كتاب الكواكب السيارة فى ترتيب الزيارة فى القرافتين الكبرى والصغرى /
بيان المسئوليه,etc فؤاد سزكين
700 1# - المدخل الاضافى - اسم شخصى
الإسم الشخصى ابن الزيات : شمس الدين ابو عبدالله محمد بن محمد بن محمد بن عبدالله بن عمر الانصارى العباس
260 ## - PUBLICATION, DISTRIBUTION, ETC. (IMPRINT)
تاريخ النشر أو التوزيع 1992
300 ## - الوصف المادى
التعداد 410 ص
490 ## - بيان السلسلة
عنوان السلسلة الجغرافيا الاسلامية
رقم المجلد/ التعيين التسلسلي 0
650 04 - المدخل الاضافى بالموضوع-مصطلح موضوعى
مصطلح موضوعي المقابر
650 04 - المدخل الاضافى بالموضوع-مصطلح موضوعى
مصطلح موضوعي اعلام العرب
650 04 - المدخل الاضافى بالموضوع-مصطلح موضوعى
مصطلح موضوعي الاثار الاسلامية
650 04 - المدخل الاضافى بالموضوع-مصطلح موضوعى
مصطلح موضوعي المساجد
650 04 - المدخل الاضافى بالموضوع-مصطلح موضوعى
مصطلح موضوعي الائمة والاولياء
650 04 - المدخل الاضافى بالموضوع-مصطلح موضوعى
مصطلح موضوعي القاهرة
650 04 - المدخل الاضافى بالموضوع-مصطلح موضوعى
مصطلح موضوعي الاضرحة
650 04 - المدخل الاضافى بالموضوع-مصطلح موضوعى
مصطلح موضوعي جبل المقطم
650 04 - المدخل الاضافى بالموضوع-مصطلح موضوعى
مصطلح موضوعي دولة المماليك الجراكسة
650 04 - المدخل الاضافى بالموضوع-مصطلح موضوعى
مصطلح موضوعي القرافتان الكبرى والصغرى
942 ## - عناصر المدخل الإضافي( كوها)
مصدر التصنيف او مخطط الترفيف Dewey Decimal Classification
Koha [default] item type كتاب
260 ## - PUBLICATION, DISTRIBUTION, ETC. (IMPRINT)
-- [S.N] :
-- معهد تاريخ العلوم العربية والاسلامية ،
Holdings
حالة التراجع حالة الفقد حالة تلف ليس للاعارة المكان المؤقت الموقع الحالى تاريخ الاكتساب اجمالي اﻻعارات رقم الطلب الباركود تاريخ اخر مشاهدة تاريخ تفعيل السعر نوع وعاء كوها
        مكتبة القاهرة الكبرى مكتبة القاهرة الكبرى 03/26/2014   ق\916.2\ز ك 89947 03/26/2014 03/26/2014 كتاب

Powered By

EGPV